MARC

LEADER 00000nam0a2200000 4500
001 12134
005 20231101204819.0
010 |a 5798600084 
035 |a (RuTPU)RU\TPU\book\12210 
035 |a BOOK00012276 
090 |a 12134 
100 |a 20011209d1999 m y0rusy50 ca 
101 0 |a rus 
102 |a RU 
105 |a y j 000zy 
200 1 |a Теория государства и права  |e учебник  |f Л. И. Спиридонов 
210 |a Москва  |c Проспект  |d 1999 
215 |a 304 с. 
606 1 |a Государство и право  |x Теория  |2 stltpush  |3 (RuTPU)RU\TPU\subj\8388  |9 35806 
610 1 |a право 
610 1 |a государство и право 
610 1 |a теория 
610 1 |a учебные пособия 
686 |a Х0я73  |v LBC/SL-A  |2 rubbk 
700 1 |a Спиридонов  |b Л. И.  |g Лев Иванович 
801 0 |a RU  |b 63413507  |c 20011209  |g PSBO 
801 2 |a RU  |b 63413507  |c 20221201  |g PSBO 
900 |a Право 
900 |a Правоведение 
942 |c BK